Kirby Trivia - Statistics

General Stats
  • This quiz has been taken 32 times
  • The average score is 3 of 13
Answer Stats
Hint Answer % Correct
True or False: Kirby's dream land title screen was changed in international releases to accommodate for the larger title. True
93%
Characters from which game can be seen in the background of Spring Breeze Battle of Kirby Super Star? Mario
41%
what console was originally planned for above? N64
41%
There was a miscommunication between the team that lead Kirby to be what color on Kirby's Dream Land American box art? Gray
22%
What was Kirby's original name? Twinkle Popo
22%
The first letter of each world in Kirby's Adventure spells what backwards? ROY G BIV
15%
What was Kirby's Air Ride originally called? Kirby Ball 64
7%
What was the last game Sakurai directed? Kirby's Air Ride
7%
Kirby's Dream Course shares many sound effects with what game? Earthbound
4%
Lololo and Lalala both originally came from which game? Eggerland Mystery
4%
In the level "Point of Arrival" in Kirby and the Forgotten Land, what theme are the birds chirping? Grasslands
4%
Kirby's Adventure is the largest NES game. How many megabits was it? Six
4%
In an American commercial for Kirby's Dream Land, what cursed thing did Kirby have? Teeth
4%
No matching quizzes found
Score Distribution
Percent of People with Each Score
Percentile by Number Answered
Your Score History
You have not taken this quiz